• 首页
  • 本馆介绍
  • 公告通知
  • 最新文献
  • 馆藏检索
  • 电子资源
  • 读者导购
  • 参考咨询
  • 我的图书馆
  • 登录
  • 详细信息显示
  • 放入我的书架
  • 预约/预借图书
  • 作者相关作品
  • 分类相关作品
  • 丛书相关作品
  • 出版社相关作品

书目信息

  • 表格格式
  • 工作单格式
  • 卡片格式
题名:
中学英语1+1
    
 
作者: 松平 主编
分册:  
出版信息:   吉林科学技术出版社  1998
页数: 173页
开本: 19cm
丛书名:
单 册:
中图分类: TP312PA , G633.41
科图分类:
主题词: PASCAL语言--程序设计 , PASCAL语言 , 程序设计 , 教育--各级
电子资源:
ISBN: 7-5384-1473-8
000 00649nam0 2200241 450
001 1572138368
005 20150125200407.31
010    @a7-5384-1473-8@dCNY6.00
100    @a19960910d1998 em y0chiy0110 ea
101 0  @achi
105    @ay z 000yy
200 1  @a中学英语1+1@Azhong xue ying yu 1+1@f松平主编@Fsong ping zhu bian
210    @c吉林科学技术出版社@d1998
215    @a173页@d19cm
606 0  @aPASCAL语言@x程序设计
606 0  @aPASCAL语言
606 0  @a程序设计
606 0  @a教育@x各级
690    @aTP312PA@v3
690    @aG633.41@v4
701  0 @a松平@Asong ping@4主编
801  0 @aCN@bNLC@c20101222
905    @aZUCC@dG633.41@eJY18
    
    中学英语1+1/松平主编.-吉林科学技术出版社,1998
    173页;19cm
    
    
    ISBN 7-5384-1473-8:CNY6.00
    
●
相关链接 在E读中查询图书 在五车中查询图书 在当当中查询图书 在豆瓣中查询图书


正题名:中学英语1+1     索取号:G633.41/JY18         预约/预借

序号 登录号 条形码 馆藏地/架位号 状态 备注
1 7839493   278394934   学院路分馆/ [索取号:G633.41/JY18] 在馆    
唐山师范学院图书馆 欢迎您!
大连网信软件有限公司© 版权所有